Antidumpingové řízení v EHS

Na minha lista:
Detalhes bibliográficos
Formato: Livro
Idioma:tcheco
Publicado em: Praha Československá obchodní a průmyslová komora 1985
Tags: Adicionar Tag
Sem tags, seja o primeiro a adicionar uma tag!

MARC

LEADER 00000nam a2200000 4500
001 c105719
005 20041019155135.2
041 0 |a cze 
044 |a CZ 
245 1 0 |a Antidumpingové řízení v EHS 
264 1 |a Praha  |b Československá obchodní a průmyslová komora  |c 1985 
300 |a 93 s.